Intoduction to college algebra / (Record no. 354695)
[ view plain ]
| 000 -LEADER | |
|---|---|
| fixed length control field | 00341nam a2200109Ia 4500 |
| 008 - FIXED-LENGTH DATA ELEMENTS--GENERAL INFORMATION | |
| fixed length control field | 180205s9999 xx 000 0 und d |
| 020 ## - INTERNATIONAL STANDARD BOOK NUMBER | |
| International Standard Book Number | 9789712352874 |
| 100 ## - MAIN ENTRY--PERSONAL NAME | |
| Personal name | Montaña, Rizalina Asuncion |
| 245 ## - TITLE STATEMENT | |
| Statement of responsibility, etc | Bantilan, Montaña Monica |
| Title | Intoduction to college algebra / |
| 260 ## - PUBLICATION, DISTRIBUTION, ETC. (IMPRINT) | |
| Place of publication, distribution, etc | Recto Avenue |
| Name of publisher, distributor, etc | REX book store |
| Date of publication, distribution, etc | 2009 |
| 300 ## - PHYSICAL DESCRIPTION | |
| Extent | iii, 87 pages |
| Withdrawn status | Lost status | Source of classification or shelving scheme | Damaged status | Home library | Current library | Shelving location | Date acquired | Source of acquisition | Total Checkouts | Full call number | Barcode | Date last seen | Price effective from | Koha item type |
|---|---|---|---|---|---|---|---|---|---|---|---|---|---|---|
| Library of Congress Classification | Archives | Archives | 02/05/2018 | Donation | QA 154 .M757 2009 | C11729 | 05/08/2018 | 02/05/2018 | Books |